[Event "Open B"]
[Site "Hotel Don Carlos de Huarte (N"]
[Date "2009.12.02"]
[Round "2"]
[White "Sevilla Subiza, Javier"]
[Black "Arcos Garcia, Manuel"]
[Result "1-0"]
[WhiteElo "1859"]
[BlackElo "1431"]
[PlyCount "43"]
[EventDate "2009.12.01"]

1. d4 Nf6 2. Bg5 e6 3. e4 Be7 4. Bd3 d6 5. f4 h6 6. Bh4 Nh7 7. Bxe7 Qxe7 8. Nf3
b6 9. e5 Ba6 10. Bxa6 Nxa6 11. c3 c5 12. Qa4+ Qd7 13. Qxa6 Qc6 14. Qe2 d5 15.
a4 O-O 16. O-O Rfe8 17. Nbd2 c4 18. Nh4 a6 19. Qg4 Nf8 20. f5 exf5 21. Nxf5 Re6
22. Qxg7# 1-0

[Event "Open B"]
[Site "Hotel Don Carlos de Huarte (N"]
[Date "2009.12.02"]
[Round "2"]
[White "Gonzalez Santamartina, Jorge"]
[Black "Lasa Garcia, Javier"]
[Result "1/2-1/2"]
[WhiteElo "1746"]
[BlackElo "1927"]
[PlyCount "59"]
[EventDate "2009.12.01"]

1. e4 e5 2. Nf3 d6 3. d4 exd4 4. Nxd4 Nf6 5. Nc3 g6 6. Bc4 Bg7 7. O-O O-O 8.
Bg5 a6 9. f4 Qe8 10. Bxf6 Bxf6 11. Nd5 Qd8 12. Nxf6+ Qxf6 13. f5 Qe5 14. Qd3
Nd7 15. fxg6 hxg6 16. Nf3 Qc5+ 17. Kh1 Ne5 18. Nxe5 Qxe5 19. Qd5 Qe7 20. Rf2
Be6 21. Qd3 Bxc4 22. Qxc4 Rae8 23. Raf1 c6 24. Rf6 d5 25. exd5 cxd5 26. Qf4 Qe5
27. Qxe5 Rxe5 28. Kg1 Re2 29. R6f2 Re7 30. Rd2 1/2-1/2

[Event "Open B"]
[Site "Hotel Don Carlos de Huarte (N"]
[Date "2009.12.02"]
[Round "2"]
[White "Adrian Abad, Miguel"]
[Black "Garcia Martinez, Oscar"]
[Result "0-1"]
[WhiteElo "1686"]
[BlackElo "1887"]
[PlyCount "50"]
[EventDate "2009.12.01"]

1. d4 Nf6 2. c4 e5 3. dxe5 Ng4 4. Nf3 Bc5 5. e3 Nc6 6. Be2 Ngxe5 7. Nxe5 Nxe5
8. Nc3 d6 9. a3 a5 10. a4 O-O 11. h3 Be6 12. b3 Bb4 13. Bb2 Re8 14. O-O Qd7 15.
Kh2 Rad8 16. Nd5 Bc5 17. Nf4 c6 18. Qc2 Bf5 19. e4 Bxe4 20. Qd1 Qf5 21. Nh5 Bd3
22. Bxe5 Qxe5+ 23. Ng3 Bxe2 24. Qxe2 Qxe2 25. Nxe2 Rxe2 0-1

[Event "Open B"]
[Site "Hotel Don Carlos de Huarte (N"]
[Date "2009.12.02"]
[Round "2"]
[White "Rodriguez Montes, Sostenes"]
[Black "Jimenez Almeida, Luis David"]
[Result "1-0"]
[WhiteElo "1784"]
[BlackElo "1839"]
[PlyCount "95"]
[EventDate "2009.12.01"]

1. e4 c5 2. Nf3 d6 3. d4 cxd4 4. Nxd4 Nf6 5. Nc3 a6 6. Be3 e5 7. Nb3 Be6 8. f3
Nbd7 9. Bd3 Be7 10. Qe2 Rc8 11. O-O O-O 12. Rae1 b5 13. Nd5 Bxd5 14. exd5 Nxd5
15. Bxh7+ Kxh7 16. Qd3+ f5 17. Qxd5 Nb6 18. Qd3 Nc4 19. Rb1 Bg5 20. Bxg5 Qxg5
21. f4 exf4 22. Qh3+ Kg8 23. Nd4 Nd2 24. Ne6 Qg4 25. Qxg4 fxg4 26. Nxf8 Nxb1
27. Ne6 Nd2 28. Rxf4 Rxc2 29. Rxg4 Rxb2 30. Rxg7+ Kh8 31. h4 Ne4 32. h5 Nc5 33.
Rg6 Nxe6 34. Rxe6 Rxa2 35. Rxd6 b4 36. Rb6 a5 37. Rb5 Ra3 38. Kf2 b3 39. g4 a4
40. g5 Ra2+ 41. Ke3 b2 42. Kf4 a3 43. Rb8+ Kh7 44. g6+ Kh6 45. Rb7 Kxh5 46. g7
b1=Q 47. Rxb1 Rg2 48. Rh1+ 1-0

[Event "Open B"]
[Site "Hotel Don Carlos de Huarte (N"]
[Date "2009.12.02"]
[Round "2"]
[White "Gonzalez Fernandez, Jorge"]
[Black "Iturralde Borda, Jon"]
[Result "1/2-1/2"]
[WhiteElo "1657"]
[BlackElo "1828"]
[PlyCount "71"]
[EventDate "2009.12.01"]

1. d4 d5 2. c4 c6 3. Nc3 Nf6 4. Nf3 Bf5 5. Bg5 e6 6. e3 h6 7. Bh4 Bb4 8. Bd3
dxc4 9. Bxc4 g5 10. Bg3 Qa5 11. Rc1 b5 12. Bd3 Bxc3+ 13. Rxc3 Bxd3 14. Qxd3 Nd5
15. O-O Nxc3 16. bxc3 Qxa2 17. Be5 O-O 18. Bf6 Qc4 19. Qe4 Qd5 20. Nd2 Nd7 21.
Be7 Rfe8 22. Ba3 Qxe4 23. Nxe4 f5 24. Nd6 Reb8 25. f4 Nb6 26. e4 fxe4 27. Nxe4
Nc4 28. Bc1 gxf4 29. Rxf4 a5 30. Rg4+ Kf7 31. Bxh6 a4 32. Rg7+ Ke8 33. Nf6+ Kd8
34. Bf4 a3 35. Rd7+ Kc8 36. Rc7+ 1/2-1/2

[Event "Open B"]
[Site "Hotel Don Carlos de Huarte (N"]
[Date "2009.12.02"]
[Round "2"]
[White "Duran Fernandez, Emilio"]
[Black "Saunders, Mark"]
[Result "1-0"]
[WhiteElo "1798"]
[BlackElo "1852"]
[PlyCount "83"]
[EventDate "2009.12.01"]

1. Nf3 d6 2. d4 g6 3. g3 Bg7 4. Bg2 c5 5. e3 Nf6 6. c3 O-O 7. O-O Bg4 8. Nbd2
Qc8 9. Qb3 Nbd7 10. Ng5 c4 11. Qxc4 Qxc4 12. Nxc4 Be2 13. Na5 Bxf1 14. Kxf1 Nb6
15. Nxb7 Rab8 16. Na5 h6 17. Nh3 d5 18. Nc6 Rb7 19. Nf4 Rc8 20. Nb4 e6 21. Nfd3
Bf8 22. f3 a5 23. Na6 Na4 24. e4 Kg7 25. exd5 Nxd5 26. f4 Rb6 27. Nac5 Nxc5 28.
dxc5 Rbb8 29. Bxd5 exd5 30. b4 Be7 31. a3 Bf6 32. Bd2 axb4 33. axb4 Ra8 34.
Rxa8 Rxa8 35. Ne5 Bxe5 36. fxe5 g5 37. Ke2 Re8 38. Kd3 Rxe5 39. Be3 Re4 40. c6
Kf8 41. b5 Ke8 42. b6 1-0

[Event "Open B"]
[Site "Hotel Don Carlos de Huarte (N"]
[Date "2009.12.02"]
[Round "2"]
[White "Vazquez Arellano, Julio"]
[Black "Rebole Arbea, Pedro Maria"]
[Result "1-0"]
[WhiteElo "1824"]
[BlackElo "1749"]
[PlyCount "47"]
[EventDate "2009.12.01"]

1. c4 c5 2. Nc3 Nc6 3. Nf3 e5 4. g3 Nf6 5. d3 h6 6. Bg2 d5 7. cxd5 Nxd5 8. Nxe5
Nxc3 9. Nxc6 Qc7 10. bxc3 bxc6 11. O-O Bd6 12. Qa4 Bd7 13. Qe4+ Kf8 14. Qa4 Re8
15. Be3 Be5 16. Bxc5+ Kg8 17. d4 Bf6 18. e3 h5 19. Qxa7 Qd8 20. Rab1 h4 21. Rb7
Bg4 22. Bxc6 hxg3 23. fxg3 Rxe3 24. Rb8 1-0

[Event "Open B"]
[Site "Hotel Don Carlos de Huarte (N"]
[Date "2009.12.02"]
[Round "2"]
[White "Ortega Lopez, Mikel"]
[Black "Apesteguia Domaica, Jose Antoni"]
[Result "1/2-1/2"]
[WhiteElo "1723"]
[BlackElo "1816"]
[PlyCount "54"]
[EventDate "2009.12.01"]

1. e4 e5 2. d4 exd4 3. Nf3 d6 4. Bc4 Be7 5. c3 Nf6 6. Qb3 O-O 7. cxd4 Nc6 8.
Bd3 Rb8 9. Be3 Bg4 10. Nbd2 Na5 11. Qc2 g6 12. O-O c5 13. b3 Rc8 14. Qb2 Nc6
15. a3 Nd7 16. h3 Bxf3 17. Nxf3 Bf6 18. Rad1 Qb6 19. dxc5 dxc5 20. Qb1 Nce5 21.
Nxe5 Nxe5 22. b4 Nxd3 23. Rxd3 Bd4 24. Bxd4 cxd4 25. Rfd1 Rfd8 26. Qb2 Rc4 27.
Rc1 Qc6 1/2-1/2

[Event "Open B"]
[Site "Hotel Don Carlos de Huarte (N"]
[Date "2009.12.02"]
[Round "2"]
[White "Otano Villanueva, Joseba"]
[Black "Jimenez Penafiel, Gustavo"]
[Result "1/2-1/2"]
[WhiteElo "1812"]
[BlackElo "1702"]
[PlyCount "102"]
[EventDate "2009.12.01"]

1. d4 d5 2. c4 c6 3. cxd5 cxd5 4. Nc3 Nf6 5. Nf3 Nc6 6. e3 Bg4 7. Qb3 Rb8 8.
Ne5 e6 9. Bb5 Qc7 10. f3 Bf5 11. e4 dxe4 12. Bf4 Bd6 13. g4 Bg6 14. h4 exf3 15.
h5 Be4 16. Nxe4 Nxe4 17. Qxf3 Qa5+ 18. Kd1 Qxb5 19. Qxe4 Nxe5 20. dxe5 Bc5 21.
a4 Qb4 22. Qxb4 Bxb4 23. Kc2 O-O 24. Kb3 Rbd8 25. Rhd1 Bc5 26. Bg5 Rd4 27. Rxd4
Bxd4 28. Re1 h6 29. Be7 Re8 30. Bd6 f6 31. Re4 fxe5 32. Bxe5 Bxe5 33. Rxe5 Kf7
34. Ra5 a6 35. Rc5 Re7 36. Kc4 Rd7 37. b4 Kf6 38. b5 axb5+ 39. axb5 e5 40. b6
Ke6 41. Kc3 Kd6 42. Rc8 Re7 43. Kd3 Rf7 44. Ke3 Rf4 45. g5 Rf7 46. g6 Re7 47.
Ke4 Ke6 48. Rf8 Rd7 49. Rc8 Re7 50. Rc5 Kd6 51. Rd5+ Ke6 1/2-1/2

[Event "Open B"]
[Site "Hotel Don Carlos de Huarte (N"]
[Date "2009.12.03"]
[Round "3"]
[White "Tetimov, Ivan"]
[Black "Sevilla Subiza, Javier"]
[Result "1/2-1/2"]
[WhiteElo "1962"]
[BlackElo "1859"]
[PlyCount "62"]
[EventDate "2009.12.01"]

1. d4 Nf6 2. c4 g6 3. g3 Bg7 4. Bg2 d6 5. Nf3 O-O 6. O-O Nbd7 7. Nc3 c6 8. b3
c5 9. Bb2 cxd4 10. Nxd4 Rb8 11. Rc1 Nc5 12. b4 Ne6 13. Nd5 Nxd5 14. cxd5 Nc7
15. Qc2 Na6 16. Qd2 Bd7 17. Rc2 Nc7 18. Rfc1 Nb5 19. Nxb5 Bxb2 20. Rxb2 Bxb5
21. Qd4 a5 22. e4 Rc8 23. Rbc2 Rxc2 24. Rxc2 axb4 25. Qxb4 Qd7 26. h3 Ba6 27.
Kh2 Rc8 28. Qb2 Bd3 29. Rc3 Rxc3 30. Qxc3 Ba6 31. f4 h6 1/2-1/2

[Event "Open B"]
[Site "Hotel Don Carlos de Huarte (N"]
[Date "2009.12.03"]
[Round "3"]
[White "Beaumont Arizaleta, Mikel"]
[Black "Anguas Fanlo, Sergio"]
[Result "0-1"]
[WhiteElo "1718"]
[BlackElo "1994"]
[PlyCount "87"]
[EventDate "2009.12.01"]

1. e4 e6 2. d4 d5 3. Nc3 Bb4 4. e5 c5 5. Bd2 Bd7 6. Qg4 g6 7. Nf3 Bxc3 8. bxc3
c4 9. h4 h5 10. Qg3 Nc6 11. Ng5 Nce7 12. Qf3 Nf5 13. g4 hxg4 14. Qxg4 Qe7 15.
Qf4 O-O-O 16. a4 f6 17. exf6 Qxf6 18. Rb1 Re8 19. Qe5 Qxe5+ 20. dxe5 Rxh4 21.
Rxh4 Nxh4 22. a5 Ne7 23. Be3 Nc6 24. Bd4 Rf8 25. Bh3 Nf3+ 26. Nxf3 Rxf3 27. Bg4
Rf4 28. f3 Nxd4 29. cxd4 Rxd4 30. c3 Rd3 31. Rc1 Re3+ 32. Kd2 Rxe5 33. Rh1 d4
34. cxd4 Rxa5 35. f4 Ra2+ 36. Kc3 Rg2 37. Rh8+ Kc7 38. Bd1 b5 39. Ra8 Kb6 40.
Rd8 Rg3+ 41. Kc2 Bc6 42. Rd6 b4 43. Rxe6 Kc7 44. Kd2 0-1

[Event "Open B"]
[Site "Hotel Don Carlos de Huarte (N"]
[Date "2009.12.03"]
[Round "3"]
[White "Garcia Martinez, Oscar"]
[Black "Rodriguez Montes, Sostenes"]
[Result "1/2-1/2"]
[WhiteElo "1887"]
[BlackElo "1784"]
[PlyCount "90"]
[EventDate "2009.12.01"]

1. f4 d5 2. Nf3 Nf6 3. e3 e6 4. b3 g6 5. Bb2 Bg7 6. Na3 a6 7. c4 O-O 8. Be2
Nbd7 9. O-O b6 10. cxd5 exd5 11. Nc2 Bb7 12. Ne5 Nxe5 13. Bxe5 Ne4 14. Bxg7
Kxg7 15. f5 Qg5 16. d3 Nc3 17. Qd2 Nxe2+ 18. Qxe2 f6 19. Nd4 Bc8 20. Qf3 Bxf5
21. Rae1 Bg4 22. Qg3 c5 23. h4 Qh5 24. Nc6 Rf7 25. d4 Be2 26. Rf2 Bd3 27. Qf4
Bf5 28. Ref1 Rc8 29. Nb8 Qg4 30. Qd6 cxd4 31. Rf4 Qe2 32. exd4 Rc2 33. Qxd5
Qe3+ 34. Kh1 Rfc7 35. Qf3 Qd2 36. Rf2 Rc1+ 37. Kh2 Qa5 38. g4 Qe1 39. Qg2 Be6
40. Re4 Qh1+ 41. Qxh1 Rxh1+ 42. Kxh1 Bd5 43. Nxa6 Bxe4+ 44. Kh2 Rc1 45. Nb4 Rd1
1/2-1/2

[Event "Open B"]
[Site "Hotel Don Carlos de Huarte (N"]
[Date "2009.12.03"]
[Round "3"]
[White "Arcos Garcia, Manuel"]
[Black "Ruiz Escobar, Rafael"]
[Result "0-1"]
[WhiteElo "1431"]
[BlackElo "1935"]
[PlyCount "62"]
[EventDate "2009.12.01"]

1. d4 Nf6 2. c4 g6 3. Nf3 Bg7 4. g3 O-O 5. Bg2 d6 6. O-O Nbd7 7. Nbd2 c5 8. e3
e5 9. dxe5 dxe5 10. e4 Re8 11. b3 Qc7 12. Bb2 b6 13. Qc2 Bb7 14. Rfe1 Nb8 15.
Rad1 Nc6 16. a3 Rad8 17. Nf1 Nd4 18. Nxd4 exd4 19. f3 Bc8 20. Bc1 Nh5 21. Rd3
f5 22. f4 fxe4 23. Bxe4 Nf6 24. Rd2 Rxe4 25. Rxe4 Bf5 26. Rde2 Nxe4 27. Rxe4
Qb7 28. Nd2 d3 29. Qd1 Bxe4 30. Qe1 Bd4+ 31. Kf1 Bg2# 0-1

[Event "Open B"]
[Site "Hotel Don Carlos de Huarte (N"]
[Date "2009.12.03"]
[Round "3"]
[White "Lasa Garcia, Javier"]
[Black "Vazquez Arellano, Julio"]
[Result "1/2-1/2"]
[WhiteElo "1927"]
[BlackElo "1824"]
[PlyCount "74"]
[EventDate "2009.12.01"]

1. d4 d5 2. Nf3 Nf6 3. e3 e6 4. Bd3 Be7 5. Nbd2 O-O 6. O-O Nbd7 7. Re1 c6 8. c3
Qc7 9. e4 dxe4 10. Nxe4 Nxe4 11. Bxe4 Nf6 12. Bd3 c5 13. dxc5 Bxc5 14. Be3 Bxe3
15. Rxe3 g6 16. Ne5 Nd5 17. Re4 Nf6 18. Re1 Nd7 19. Nf3 Nc5 20. Bc2 Bd7 21. Qd4
f6 22. Rad1 Rad8 23. Qe3 Kg7 24. b4 Na6 25. Bb3 e5 26. Qxa7 Bb5 27. Qe3 Rc8 28.
a4 Bc4 29. Bxc4 Qxc4 30. Rd7+ Rf7 31. Rxf7+ Qxf7 32. b5 Nc5 33. Ra1 Qb3 34. Nd2
Qb2 35. Rb1 Qa3 36. Nc4 Qa2 37. Nd2 Qxa4 1/2-1/2

[Event "Open B"]
[Site "Hotel Don Carlos de Huarte (N"]
[Date "2009.12.03"]
[Round "3"]
[White "Ortega Lopez, Adrian"]
[Black "Duran Fernandez, Emilio"]
[Result "1-0"]
[WhiteElo "1869"]
[BlackElo "1798"]
[PlyCount "69"]
[EventDate "2009.12.01"]

1. e4 c5 2. Nf3 Nc6 3. d4 cxd4 4. Nxd4 e5 5. Nb5 d6 6. N1c3 a6 7. Na3 b5 8. Nd5
Be6 9. Be2 Nf6 10. Bg5 Qa5+ 11. c3 Nxe4 12. Be3 Nxc3 13. Nxc3 b4 14. Nc4 Bxc4
15. Bxc4 bxc3 16. O-O cxb2 17. Rb1 Be7 18. Qf3 Kd7 19. Bd5 Qb5 20. Rxb2 Qxb2
21. Bxc6+ Ke6 22. Bxa8 Qxa2 23. Rd1 Rxa8 24. Qxa8 f5 25. Qc8+ Kf6 26. Qc1 f4
27. Bd2 g5 28. Qb1 Qa4 29. Rf1 Kg7 30. Qb4 Qc2 31. Bc3 Qe2 32. Re1 Qg4 33.
Bxe5+ Bf6 34. Bxf6+ Kxf6 35. Qxd6+ 1-0

[Event "Open B"]
[Site "Hotel Don Carlos de Huarte (N"]
[Date "2009.12.03"]
[Round "3"]
[White "Iturralde Borda, Jon"]
[Black "Oyaga Valencia, Jesus Maria"]
[Result "1-0"]
[WhiteElo "1828"]
[BlackElo "1747"]
[PlyCount "125"]
[EventDate "2009.12.01"]

1. e4 e6 2. d4 d5 3. exd5 exd5 4. Bd3 Nf6 5. Bg5 Be7 6. Ne2 Bg4 7. c3 Nbd7 8.
Nd2 c5 9. Be3 Qb6 10. Qb3 Qxb3 11. axb3 O-O 12. O-O Bd6 13. Ng3 a6 14. h3 cxd4
15. Bxd4 Bxg3 16. fxg3 Be6 17. g4 Rac8 18. Rae1 Ne8 19. Nf3 Nd6 20. Ng5 Rfe8
21. Bxh7+ Kh8 22. Nxe6 fxe6 23. Bg6 Re7 24. Be5 Nxe5 25. Rxe5 Kg8 26. Rfe1 Ne4
27. Rd1 Nf6 28. Rde1 Rc6 29. g5 Ne4 30. Rd1 b5 31. Rxe4 e5 32. Rxd5 Rxg6 33.
Rdxe5 Rxe5 34. Rxe5 Rd6 35. Kf2 Kf7 36. h4 Kg6 37. g4 Rd2+ 38. Re2 Rd6 39. Kf3
Kf7 40. Ke3 Re6+ 41. Kd3 Rd6+ 42. Kc2 Rd5 43. Rd2 Re5 44. Rd7+ Kf8 45. g6 Re6
46. h5 Re2+ 47. Kc1 Rg2 48. Rf7+ Kg8 49. Ra7 Kf8 50. Rxa6 Rxg4 51. Rb6 Rg5 52.
Rb8+ Ke7 53. Rb7+ Kf8 54. Rb8+ Ke7 55. Rh8 Rg2 56. Kb1 Kf6 57. Ka2 Rg5 58. Ka3
Ke7 59. Kb4 Kd7 60. Rh7 Kc6 61. Rxg7 Rxh5 62. Rg8 Rh4+ 63. c4 1-0

[Event "Open B"]
[Site "Hotel Don Carlos de Huarte (N"]
[Date "2009.12.03"]
[Round "3"]
[White "Jimenez Almeida, Luis David"]
[Black "Otano Villanueva, Joseba"]
[Result "1-0"]
[WhiteElo "1839"]
[BlackElo "1812"]
[PlyCount "73"]
[EventDate "2009.12.01"]

1. e4 e5 2. Nf3 Nc6 3. d4 exd4 4. Bc4 h6 5. O-O d6 6. Nxd4 Nxd4 7. Qxd4 Be6 8.
Nc3 Bxc4 9. Qxc4 c6 10. Bf4 g5 11. Bg3 h5 12. Qd4 Rh6 13. h3 h4 14. Bh2 Qd7 15.
f3 Nf6 16. Rfe1 Nh5 17. Rad1 Rg6 18. Ne2 b6 19. c4 O-O-O 20. Kh1 f5 21. exf5
Qxf5 22. Qg4 Qxg4 23. hxg4 Nf6 24. Nd4 Kd7 25. Ne6 d5 26. Nxd8 Kxd8 27. Be5 Nd7
28. cxd5 c5 29. b3 Rh6 30. Bc3 Rh7 31. Re6 Be7 32. d6 Bf8 33. Bf6+ Nxf6 34.
Rxf6 Rh8 35. Rf7 Rg8 36. Rxa7 b5 37. d7 1-0

[Event "Open B"]
[Site "Hotel Don Carlos de Huarte (N"]
[Date "2009.12.03"]
[Round "3"]
[White "Apesteguia Domaica, Jose Antoni"]
[Black "Diaz Redondo, Isidro"]
[Result "1-0"]
[WhiteElo "1816"]
[BlackElo "1688"]
[PlyCount "131"]
[EventDate "2009.12.01"]

1. d4 d5 2. c4 g6 3. Qa4+ c6 4. cxd5 Qxd5 5. Nc3 Qd8 6. e4 Bg7 7. Be3 Nf6 8.
Nf3 O-O 9. e5 Nd5 10. Nxd5 cxd5 11. Qb3 Nc6 12. Be2 Na5 13. Qb4 Nc6 14. Qd2 Qa5
15. O-O Qxd2 16. Nxd2 Bd7 17. Rac1 Rac8 18. a3 Rc7 19. Rc3 a6 20. Rfc1 Rcc8 21.
Nb3 f5 22. Nc5 Rc7 23. f4 e6 24. Nxd7 Rxd7 25. Bxa6 Nxd4 26. Bxd4 bxa6 27. Rc6
Kf7 28. Rxa6 Re8 29. Kf2 Bf8 30. Rcc6 h6 31. b4 g5 32. g3 gxf4 33. gxf4 h5 34.
Bc5 Bxc5+ 35. Rxc5 d4 36. Rcc6 Rd5 37. Rd6 Rxd6 38. Rxd6 Ra8 39. Rxd4 Rxa3 40.
Rd7+ Ke8 41. Rh7 Rb3 42. Rxh5 Rxb4 43. Kg3 Rb3+ 44. Kh4 Rf3 45. Kg5 Kd7 46.
Rh7+ Ke8 47. h4 Kf8 48. h5 Kg8 49. Re7 Rg3+ 50. Kf6 Rh3 51. Re8+ Kh7 52. Kxe6
Rxh5 53. Rf8 Kg6 54. Rf6+ Kg7 55. Rxf5 Rh8 56. Rf7+ Kg8 57. f5 Rh1 58. Rd7 Kf8
59. f6 Kg8 60. Rd8+ Kh7 61. Ke7 Re1 62. e6 Rg1 63. f7 Rg7 64. Kd6 Rg6 65. f8=Q
Rxe6+ 66. Kxe6 1-0

[Event "Open B"]
[Site "Hotel Don Carlos de Huarte (N"]
[Date "2009.12.03"]
[Round "3"]
[White "Jimenez Penafiel, Gustavo"]
[Black "Ortega Lopez, Mikel"]
[Result "1-0"]
[WhiteElo "1702"]
[BlackElo "1723"]
[PlyCount "123"]
[EventDate "2009.12.01"]

1. e4 c5 2. d3 Nc6 3. g3 g6 4. Bg2 Bg7 5. Nc3 Nf6 6. Be3 d6 7. f4 Bd7 8. Nf3
O-O 9. O-O Ng4 10. Bf2 Nxf2 11. Rxf2 e6 12. Kh1 a6 13. Qe2 Rc8 14. Rb1 b5 15.
Nd1 Nd4 16. Nxd4 Bxd4 17. Ne3 Bg7 18. c3 Bc6 19. Rbf1 f5 20. Rd1 Re8 21. Qd2
Qc7 22. h3 Rcd8 23. Kh2 d5 24. exd5 exd5 25. Nc2 c4 26. d4 a5 27. Ne1 Re6 28.
Nf3 Re7 29. Ne5 Bxe5 30. fxe5 Rf8 31. Rdf1 Ref7 32. Qf4 Kg7 33. Re1 Re7 34.
Rfe2 Rfe8 35. Qf2 Qd7 36. h4 h5 37. Qf4 Re6 38. Bf3 Qe7 39. Rf1 Rf8 40. Ref2
Bb7 41. Be2 Bc6 42. g4 Qxh4+ 43. Kg1 Qe7 44. gxh5 gxh5 45. Rg2+ Rg6 46. Rff2
Kh7 47. Bxh5 Rxg2+ 48. Rxg2 Rg8 49. Qxf5+ Kh8 50. Rxg8+ Kxg8 51. Qg6+ Qg7 52.
Kf2 Qxg6 53. Bxg6 Bd7 54. Kf3 Kf8 55. Kf4 Ke7 56. Bf5 Bc6 57. e6 Bb7 58. Ke5 b4
59. Bh3 b3 60. a3 a4 61. Bg2 Bc8 62. Bxd5 1-0

[Event "Open B"]
[Site "Hotel Don Carlos de Huarte (N"]
[Date "2009.12.03"]
[Round "3"]
[White "Saunders, Mark"]
[Black "Adrian Abad, Miguel"]
[Result "0-1"]
[WhiteElo "1852"]
[BlackElo "1686"]
[PlyCount "101"]
[EventDate "2009.12.01"]

1. e4 e6 2. d4 d5 3. Nc3 Bb4 4. Nge2 dxe4 5. a3 Be7 6. Nxe4 Nc6 7. Bf4 Nf6 8.
Qd3 Nh5 9. Be3 Nf6 10. O-O-O Nd5 11. g3 Nxe3 12. Qxe3 h6 13. Bg2 Bd7 14. d5
exd5 15. Rxd5 O-O 16. Rhd1 Nb8 17. Qd3 f5 18. Rxd7 Nxd7 19. Qxd7 Qxd7 20. Rxd7
fxe4 21. Rxe7 Rxf2 22. Bxe4 Kf8 23. Rxc7 Rxe2 24. Bd3 Rxh2 25. Rxb7 a5 26. b4
axb4 27. axb4 Rg2 28. b5 Rf2 29. b6 Rf6 30. Ra7 Rb8 31. b7 Ke7 32. Be4 Kd8 33.
Ra8 Kc7 34. Rxb8 Kxb8 35. Kd2 g5 36. Ke3 Rf1 37. g4 Rf4 38. Bf3 Ra4 39. Be4
Ra3+ 40. Kd4 Rg3 41. c4 Rxg4 42. c5 Kc7 43. c6 h5 44. Ke3 h4 45. Bf3 Rf4 46.
Bg2 Rb4 47. Kf2 g4 48. Bd5 Rb2+ 49. Kg1 h3 50. Kh1 g3 51. Be6 0-1

[Event "Open B"]
[Site "Hotel Don Carlos de Huarte (N"]
[Date "2009.12.04"]
[Round "4"]
[White "Anguas Fanlo, Sergio"]
[Black "Sevilla Subiza, Javier"]
[Result "1-0"]
[WhiteElo "1994"]
[BlackElo "1859"]
[PlyCount "139"]
[EventDate "2009.12.01"]

1. d4 Nf6 2. Nf3 c5 3. c3 e6 4. Bg5 h6 5. Bh4 b6 6. e3 Bb7 7. h3 Be7 8. Nbd2 d6
9. Bd3 Nbd7 10. O-O O-O 11. Bb1 Ba6 12. Re1 Nd5 13. Bxe7 Qxe7 14. Qc2 g6 15. e4
Nf4 16. e5 d5 17. Qa4 Bd3 18. dxc5 Ne2+ 19. Kh2 Nxc5 20. Qd1 Nf4 21. g3 Bxb1
22. Rxb1 Nh5 23. Qe2 Rac8 24. Qe3 Kh7 25. Nd4 a6 26. g4 Ng7 27. N4b3 f5 28.
Nxc5 bxc5 29. f3 Qh4 30. Kg2 fxg4 31. hxg4 d4 32. cxd4 cxd4 33. Qf2 Qg5 34.
Rbc1 Rxc1 35. Rxc1 Nf5 36. Rc7+ Kh8 37. Kh3 Ne3 38. Qh4 Qxh4+ 39. Kxh4 Ng2+ 40.
Kg3 Nf4 41. Rc4 g5 42. Rc7 Ng6 43. Rd7 Rf4 44. Rd6 Kg7 45. Rxe6 Kf7 46. Rxa6
Nxe5 47. Rxh6 d3 48. Rd6 Ke7 49. Rd5 Ke6 50. Rd8 Ke7 51. Rg8 Kf6 52. Rf8+ Nf7
53. Kf2 Ke7 54. Ra8 Ne5 55. Ke3 Ke6 56. a3 Rf7 57. Ra6+ Kd5 58. Ra5+ Ke6 59. b4
Rc7 60. Rc5 Ra7 61. b5 Kd6 62. Ne4+ Ke6 63. Nxg5+ Kd6 64. Ne4+ Ke6 65. Rc3 Ra5
66. Rb3 Kd5 67. b6 Nd7 68. b7 Nb8 69. Kxd3 Kc6 70. g5 1-0

[Event "Open B"]
[Site "Hotel Don Carlos de Huarte (N"]
[Date "2009.12.04"]
[Round "4"]
[White "Martinez Ayesa, Aitor"]
[Black "Tetimov, Ivan"]
[Result "1/2-1/2"]
[WhiteElo "1840"]
[BlackElo "1962"]
[PlyCount "110"]
[EventDate "2009.12.01"]

1. d4 Nf6 2. c4 c6 3. Nf3 d5 4. g3 e6 5. Qc2 Be7 6. Bg2 O-O 7. O-O b6 8. b3 Bb7
9. Bb2 Nbd7 10. Nbd2 Rc8 11. Rac1 Qc7 12. cxd5 exd5 13. Ne5 c5 14. Ndf3 Nxe5
15. dxe5 Ne4 16. Nd2 Nxd2 17. Qxd2 d4 18. Bxb7 Qxb7 19. e3 Rfd8 20. exd4 cxd4
21. Rxc8 Qxc8 22. Rc1 Qe6 23. Rc4 Qxe5 24. Rxd4 Rxd4 25. Qxd4 Qxd4 26. Bxd4 f6
27. Kg2 Kf7 28. Kf3 Ke6 29. Ke4 g6 30. f3 Bd6 31. Be3 h5 32. Bf2 h4 33. Be1 f5+
34. Kd3 Kd5 35. Bf2 Be5 36. f4 Bd6 37. Be3 hxg3 38. hxg3 Bc5 39. Bxc5 Kxc5 40.
Kc3 Kd5 41. Kd3 a6 42. a3 a5 43. Kc3 Kc5 44. Kd3 Kd5 45. Kc3 Kc5 46. Kd3 b5 47.
Kc3 Kd5 48. Kd3 Kc5 49. Kc3 b4+ 50. axb4+ axb4+ 51. Kd3 Kd5 52. Ke3 Kc5 53. Kd3
Kd5 54. Ke3 Kc5 55. Kd3 Kd5 1/2-1/2

[Event "Open B"]
[Site "Hotel Don Carlos de Huarte (N"]
[Date "2009.12.04"]
[Round "4"]
[White "Ruiz Escobar, Rafael"]
[Black "Iturralde Borda, Jon"]
[Result "1-0"]
[WhiteElo "1935"]
[BlackElo "1828"]
[PlyCount "141"]
[EventDate "2009.12.01"]

1. d4 d5 2. c4 c6 3. Nc3 Nf6 4. e3 Bf5 5. Nf3 h6 6. Bd3 Bxd3 7. Qxd3 e6 8. O-O
Nbd7 9. Re1 Be7 10. e4 dxe4 11. Nxe4 Nxe4 12. Qxe4 Nf6 13. Qe2 O-O 14. a3 Bd6
15. h3 Rc8 16. c5 Bb8 17. Qc2 b6 18. b4 b5 19. Bb2 Nd5 20. Rad1 a5 21. Bc3 Nxc3
22. Qxc3 a4 23. Qc2 Qf6 24. Qe4 Qf4 25. Qxf4 Bxf4 26. g3 Bc7 27. Kg2 Rfd8 28.
d5 Rxd5 29. Rxd5 exd5 30. Nd4 Bb8 31. f4 Kf8 32. Kf3 h5 33. h4 g6 34. Re2 Ba7
35. g4 hxg4+ 36. Kxg4 Bb8 37. Kf3 Ba7 38. Kg4 Bb8 39. Re3 Ba7 40. h5 gxh5+ 41.
Kxh5 Bb8 42. Kg4 Ba7 43. Kf5 Bb8 44. Re2 Ba7 45. Kf6 Bb8 46. f5 Bf4 47. Rf2 Bc1
48. Rh2 Kg8 49. Rg2+ Kf8 50. Rg7 Bb2 51. Rxf7+ Kg8 52. Rg7+ Kh8 53. Rg4 Bxd4+
54. Rxd4 Rf8+ 55. Ke6 Re8+ 56. Kf7 Re4 57. Rd1 Rh4 58. f6 d4 59. Rd3 Kh7 60.
Rf3 Rh5 61. Ke6 Kg8 62. Rd3 Rh4 63. Kd6 Re4 64. Kxc6 Re3 65. Rxd4 Rxa3 66. Rd7
Ra1 67. Kxb5 a3 68. Ra7 a2 69. c6 Kf8 70. c7 Rc1 71. Kb6 1-0

[Event "Open B"]
[Site "Hotel Don Carlos de Huarte (N"]
[Date "2009.12.04"]
[Round "4"]
[White "Rodriguez Montes, Sostenes"]
[Black "Ortega Lopez, Adrian"]
[Result "1/2-1/2"]
[WhiteElo "1784"]
[BlackElo "1869"]
[PlyCount "100"]
[EventDate "2009.12.01"]

1. e4 c5 2. Nf3 d6 3. d4 cxd4 4. Nxd4 Nf6 5. Nc3 g6 6. Be3 Bg7 7. h3 Nc6 8. Qd2
O-O 9. Be2 Nxd4 10. Bxd4 Be6 11. g4 Qa5 12. f3 Qb4 13. Nb5 Qxd2+ 14. Kxd2 Rfc8
15. c3 a6 16. Na3 Rc6 17. Nc2 Bc4 18. Rhe1 Rd8 19. Nb4 Rcc8 20. b3 Bxe2 21.
Kxe2 Rd7 22. Rac1 Ne8 23. Nd5 Rc6 24. Nb4 Rc8 25. a4 Bxd4 26. cxd4 Rxc1 27.
Rxc1 Rc7 28. Rxc7 Nxc7 29. Kd3 Kf8 30. Kc4 Ke8 31. Nd3 Kd7 32. f4 e6 33. h4 f6
34. f5 gxf5 35. exf5 exf5 36. gxf5 Ne8 37. Kd5 Ng7 38. Ke4 Nh5 39. d5 Ng3+ 40.
Kf4 Ne2+ 41. Kg4 Nd4 42. b4 b6 43. Nf2 Nc2 44. Kh5 Nxb4 45. Kh6 Nxd5 46. Kxh7
Ne3 47. Kg6 Ng2 48. Kh5 Ne3 49. Kg6 Ng2 50. Kh5 Ne3 1/2-1/2

[Event "Open B"]
[Site "Hotel Don Carlos de Huarte (N"]
[Date "2009.12.04"]
[Round "4"]
[White "Sevilla Subiza, Marina"]
[Black "Lasa Garcia, Javier"]
[Result "1-0"]
[WhiteElo "1566"]
[BlackElo "1927"]
[PlyCount "87"]
[EventDate "2009.12.01"]

1. d4 Nf6 2. c4 d6 3. Nc3 Nbd7 4. e4 e5 5. d5 Be7 6. Be3 O-O 7. Bd3 Nc5 8. Bc2
Ng4 9. Bxc5 dxc5 10. h3 Nh6 11. Nf3 f5 12. Nxe5 Bf6 13. Nd3 Bxc3+ 14. bxc3 fxe4
15. Nxc5 e3 16. O-O Qg5 17. Ne4 exf2+ 18. Rxf2 Qe3 19. Qd3 Qxd3 20. Bxd3 Rxf2
21. Kxf2 Nf7 22. g4 Ne5 23. Bf1 Bd7 24. Re1 b6 25. c5 Rf8+ 26. Kg2 Nf3 27. Rd1
Ba4 28. Rc1 Ne5 29. cxb6 axb6 30. c4 Rf4 31. Ng5 Bd7 32. Kg3 Rd4 33. Nf3 Nxf3
34. Kxf3 c6 35. Ke3 c5 36. Rb1 Bxg4 37. hxg4 Rxg4 38. Rxb6 h5 39. a4 h4 40. d6
Kf7 41. Rb7+ Kf6 42. d7 Rd4 43. a5 Rd6 44. Rb6 1-0